000 00586nam a2200181Ia 4500
003 GCL
008 140319s9999 xx 000 0 ara d
040 _aGCL /
_cGCL
082 0 4 _a810.9
_bل د
100 1 _aلويس عوض
245 1 0 _aدراسات فى ادبنا الحديث المسرح - الشعر - القصة /
_cلويس عوض
300 _a246 ص
490 _aالهيئة العامة للاستعلامات
_v0
650 0 4 _aالمسرح المصرى
650 0 4 _aالادب العربى - تاريخ ونقد
650 0 4 _aالتراجيديا
942 _2ddc
_cBK
999 _c47477
_d47477